000 01017cam a2200313 4500
001 15337990
005 20260216155901.0
008 080620s1949 enkac 000 0 eng
010 _a 50001856
035 _a15337990
040 _aDLC
_cDLC
_dDLC
050 0 0 _aDA585.C7
_bE74 1949a
082 _a941.082
_bEST
100 1 _aEstorick, Eric.
_9133257
245 1 0 _aStafford Cripps, a biography /
_cEric. Estorick
260 _aLondon,
_bHeinemann,
_c1949.
300 _aviii, 378 p.
_billus., ports.
_c22 cm.
336 _atext
_btxt
_2rdacontent
337 _aunmediated
_bn
_2rdamedia
338 _avolume
_bnc
_2rdacarrier
500 _a"1st pub., 1949."
600 1 0 _aCripps, Richard Stafford,
_cSir,
_d1889-1952.
_9133258
651 0 _aGreat Britain
_xPolitics and government
_y20th century.
_9133259
906 _a0
_bcbc
_cpremunv
_d3
_encip
_f19
_gy-gencatlg
942 _2ddc
_cBK
999 _c616219
_d616219